The Cole report (Record no. 108721)

MARC details
000 -LEADER
fixed length control field 01797cad a22002655a 4500
001 - CONTROL NUMBER
control field L145195
008 - FIXED-LENGTH DATA ELEMENTS--GENERAL INFORMATION
fixed length control field 080915e20080911xxk f 000 0 eng d
020 ## - INTERNATIONAL STANDARD BOOK NUMBER
International Standard Book Number 9781409803720
035 ## - SYSTEM CONTROL NUMBER
System control number (Sirsi) u145195
041 0# - LANGUAGE CODE
Language code of text/sound track or separate title eng
050 04 - LIBRARY OF CONGRESS CALL NUMBER
Classification number 306.11
100 1# - MAIN ENTRY--PERSONAL NAME
Personal name Cole, Ian
245 04 - TITLE STATEMENT
Title The Cole report
Remainder of title delivering cross-domain regulation for social housing
Medium [electronic resource]
260 ## - PUBLICATION, DISTRIBUTION, ETC.
Place of publication, distribution, etc. Wetherby
Name of publisher, distributor, etc. DCLG
Date of publication, distribution, etc. 2008
505 2# - FORMATTED CONTENTS NOTE
Formatted contents note Policy background and aims of the advisory panel -- Focus of the panel's work: delivering for tenants; delivering for local authorities -- Delivering cross-domain regulation, acknowledging difference, aiming for equity: regulation and the local government framework, standard setting and performance measurement; regulation and the local government framework, coordination of interventions -- The advisory panel's recommendations -- The next steps
505 2# - FORMATTED CONTENTS NOTE
Formatted contents note Annexes: the local performance framework; the advisory panel's terms of reference; Tenant Services Authority's fundamental objectives
520 ## - SUMMARY, ETC.
Summary, etc. Report presents the findings of a panel of independent stakeholders tasked with creating recommendations to government on ways to extend the scope of the Tenant Services Authority to include local authority social housing. The findings of the report are guidance to government (not government policy) and should be taken as such.
521 ## - TARGET AUDIENCE NOTE
Target audience note Advanced
590 ## - LOCAL NOTE (RLIN)
Local note KA
651 #4 - SUBJECT ADDED ENTRY--GEOGRAPHIC NAME
Geographic name United Kingdom
Chronological subdivision
690 ## - LOCAL SUBJECT ADDED ENTRY--TOPICAL TERM (OCLC, RLIN)
Topical term or geographic name as entry element PROPERTY-RESIDENTIAL PROPERTY-RESIDENTIAL PROPERTY TENURE-LEASEHOLD RESIDENTIAL PROPERTY
710 1# - ADDED ENTRY--CORPORATE NAME
Corporate name or jurisdiction name as entry element United Kingdom
Subordinate unit Department for Communities and Local Government
9 (RLIN) 4939
856 40 - ELECTRONIC LOCATION AND ACCESS
Uniform Resource Identifier <a href="https://www.communities.gov.uk/documents/housing/pdf/thecolereport">https://www.communities.gov.uk/documents/housing/pdf/thecolereport</a>
Public note View the website free of charge at www.communities.gov.uk
942 ## - ADDED ENTRY ELEMENTS (KOHA)
Suppress in OPAC 0
Holdings
Withdrawn status Lost status Source of classification or shelving scheme Damaged status Not for loan Home library Current library Shelving location Date acquired Total Checkouts Full call number Barcode Date last seen Copy number Price effective from Koha item type
    Dewey Decimal Classification     Virtual Virtual Online 15/09/2008   ONLINE PUBLICATION 145195-1001 06/08/2019 1 06/08/2019 Book